[Event "Fagernes Chess International"]
[Site "Fagernes"]
[Date "2015.03.29"]
[Round "8"]
[White "Lund, Gunnar"]
[Black "Johnsen, Kjell Magne"]
[Result "1/2-1/2"]
[WhiteElo "1719"]
[BlackElo "2099"]
[PlyCount "180"]
[EventDate "2015.??.??"]

1. Nf3 Nf6 2. d4 g6 3. c4 Bg7 4. Nc3 O-O 5. g3 d6 6. Bg2 Nbd7 7. O-O e5 8. dxe5
dxe5 9. Qc2 c6 10. Rd1 Qe7 11. b3 Re8 12. Bb2 h6 13. Nd2 Nf8 14. Nde4 Nxe4 15.
Bxe4 Bh3 16. Bg2 Bxg2 17. Kxg2 e4 18. e3 Qf6 19. Qe2 Qf5 20. Rd2 Nh7 21. h4 Nf6
22. Rad1 Re7 23. Na4 Ng4 24. Bxg7 Kxg7 25. Nc3 Ne5 26. Rd4 Nf3 27. Rxe4 Rxe4
28. Nxe4 Nxh4+ 29. gxh4 Qxe4+ 30. Kh3 Qf5+ 31. Kg3 h5 32. Qb2+ Kg8 33. Qd4 Re8
34. Qf4 Qxf4+ 35. Kxf4 Re7 36. a4 c5 37. Rd5 Rc7 38. Ke5 Kg7 39. f4 Re7+ 40.
Kd6 Rxe3 41. Rxc5 Rxb3 42. Rb5 Rxb5 43. axb5 b6 44. Kc7 f6 45. Kb7 g5 46. fxg5
fxg5 47. Kxa7 gxh4 48. c5 bxc5 49. b6 h3 50. b7 h2 51. b8=Q h1=Q 52. Qe5+ Kg6
53. Qxc5 Qe4 54. Qd6+ Kf5 55. Qc5+ Qe5 56. Qf2+ Qf4 57. Qc5+ Kg4 58. Qg1+ Qg3
59. Qd1+ Qf3 60. Qd4+ Kg3 61. Qe5+ Kg2 62. Qg7+ Kh3 63. Qd7+ Kg2 64. Qg7+ Qg3
65. Qb7+ Kh2 66. Qb2+ Kh3 67. Qb1 Qe3+ 68. Kb7 Qf3+ 69. Kc7 h4 70. Kd6 Kg2 71.
Qc2+ Qf2 72. Qe4+ Kh2 73. Ke6 h3 74. Qe5+ Kg1 75. Qa1+ Kg2 76. Qg7+ Kf1 77. Qb7
h2 78. Qh1+ Ke2 79. Kd6 Ke3 80. Qb7 Qf3 81. Qb3+ Kf2 82. Qb2+ Kg1 83. Qb6+ Kg2
84. Qb2+ Kg3 85. Qg7+ Qg4 86. Qc3+ Kh4 87. Qh8+ Kg3 88. Qc3+ Qf3 89. Qg7+ Kf2
90. Qb2+ Ke3 1/2-1/2

[Event "Fagernes Chess International"]
[Site "Fagernes"]
[Date "2015.03.29"]
[Round "8"]
[White "Engevik, Bjarne J."]
[Black "Machlik, Jon"]
[Result "0-1"]
[WhiteElo "1819"]
[BlackElo "1947"]
[PlyCount "112"]
[EventDate "2015.??.??"]

1. f4 d5 2. Nf3 c5 3. b3 Bf5 4. e3 Nf6 5. Bb2 e6 6. Bb5+ Nc6 7. Na3 Bd6 8. O-O
O-O 9. Bxc6 bxc6 10. Ne5 Rc8 11. c4 h6 12. Nc2 Nd7 13. Nxd7 Qxd7 14. Ne1 f6 15.
Nf3 Rce8 16. Nh4 Bh7 17. Qg4 Bd3 18. f5 Bxf1 19. Rxf1 exf5 20. Nxf5 Kh7 21.
Nxh6 Qxg4 22. Nxg4 dxc4 23. Bxf6 cxb3 24. axb3 gxf6 25. Nxf6+ Kg6 26. Nxe8
Rxf1+ 27. Kxf1 Bxh2 28. Ke2 Kf7 29. Kf3 Bb8 30. Ke4 Kxe8 31. g4 a5 32. d3 Kf7
33. Kf5 Bg3 34. e4 Bf2 35. g5 Bd4 36. e5 Bc3 37. g6+ Ke7 38. g7 Kf7 39. g8=Q+
Kxg8 40. Ke6 Kf8 41. Kd6 Ke8 42. e6 Bb4 43. Kxc6 Ke7 44. Kd5 Kf6 45. d4 cxd4
46. Kxd4 Kxe6 47. Kc4 Ke5 48. Kd3 Kf4 49. Kd4 Kf3 50. Kd3 Kf2 51. Kc2 Ke2 52.
Kc1 Kd3 53. Kb2 Kd2 54. Kb1 Kc3 55. Ka2 Kc2 56. Ka1 Kxb3 
0-1

[Event "Fagernes Chess International"]
[Site "Fagernes"]
[Date "2015.03.29"]
[Round "8"]
[White "Johansen, PÃ¥l H"]
[Black "Taksrud, Vidar"]
[Result "1-0"]
[WhiteElo "1962"]
[BlackElo "2009"]
[PlyCount "87"]
[EventDate "2015.??.??"]

1. c4 e5 2. g3 Nf6 3. Bg2 Nc6 4. b3 d5 5. cxd5 Nxd5 6. Bb2 Be6 7. Nc3 Qd7 8.
Nf3 f6 9. O-O Be7 10. Rc1 Nxc3 11. Bxc3 Ba3 12. Rb1 O-O 13. Qc2 a5 14. Rfd1 Bf5
15. e4 Bg4 16. d4 exd4 17. Bxd4 Qf7 18. Bc5 Bxc5 19. Qxc5 Rfe8 20. Rd2 Ne5 21.
Ne1 b6 22. Qc2 Ra7 23. f3 Be6 24. f4 Ng4 25. Bf3 Bc8 26. h3 Nh6 27. Kh2 c5 28.
Rbd1 Rae7 29. Be2 Kh8 30. Bb5 Rf8 31. Rd8 Ng8 32. R1d6 Rxd8 33. Rxd8 Bd7 34.
Bc4 Be6 35. Bb5 Rc7 36. f5 Qe7 37. Re8 Qd6 38. Rxe6 Qd4 39. Re8 Re7 40. Nf3 Qe3
41. Qd2 Qxd2+ 42. Nxd2 Rxe8 43. Bxe8 Ne7 44. Nc4 1-0

[Event "Fagernes Chess International"]
[Site "Fagernes"]
[Date "2015.03.29"]
[Round "8"]
[White "Robertsen, Bjørn"]
[Black "Løbersli, Henrik Øie"]
[Result "0-1"]
[WhiteElo "1810"]
[BlackElo "2078"]
[PlyCount "42"]
[EventDate "2015.??.??"]

1. e4 e5 2. Nf3 Nc6 3. Bb5 Nf6 4. O-O Nxe4 5. Re1 Nd6 6. Bxc6 dxc6 7. d4 e4 8.
Ng5 f5 9. f3 h6 10. Nh3 Kf7 11. Nc3 exf3 12. Qxf3 Qf6 13. d5 Bd7 14. Bf4 Re8
15. Rxe8 Nxe8 16. Qe3 b6 17. Qf3 g5 18. Qh5+ Kg7 19. Be3 Bd6 20. Rf1 Qe5 21.
Kf2 Nf6 
0-1

[Event "Fagernes Chess International"]
[Site "Fagernes"]
[Date "2015.03.29"]
[Round "8"]
[White "Mrachek, Svetlana"]
[Black "Nordquelle, Daniel"]
[Result "0-1"]
[WhiteElo "1617"]
[BlackElo "1874"]
[PlyCount "52"]
[EventDate "2015.??.??"]

1. d4 f5 2. c4 g6 3. Bf4 Nf6 4. Nc3 Bg7 5. e3 O-O 6. Nf3 d6 7. Qb3 c6 8. c5+
Kh8 9. Ng5 d5 10. Nf3 Nbd7 11. Ng5 Nb8 12. Nf3 Qa5 13. Ne5 Nbd7 14. Bd3 Nxe5
15. Bxe5 b6 16. Bc7 Ne8 17. cxb6 Nxc7 18. bxc7 Qxc7 19. Rc1 Qd6 20. O-O f4 21.
Rce1 f3 22. Qd1 Bg4 23. gxf3 Rxf3 24. Be2 Raf8 25. Kg2 Rxf2+ 26. Rxf2 Rxf2+ 
0-1

[Event "Fagernes Chess International"]
[Site "Fagernes"]
[Date "2015.03.29"]
[Round "8"]
[White "Pettersen, Joar Gullestad"]
[Black "Berntsen-Ã~ybÃ¸, August"]
[Result "1/2-1/2"]
[WhiteElo "1979"]
[BlackElo "1717"]
[PlyCount "125"]
[EventDate "2015.??.??"]

1. Nf3 d5 2. c4 e6 3. b3 Nf6 4. g3 d4 5. Bg2 c5 6. O-O Nc6 7. d3 Bd6 8. e3 O-O
9. exd4 cxd4 10. Na3 a6 11. Nc2 e5 12. Re1 Re8 13. a3 a5 14. h3 h6 15. Bb2 Rb8
16. Bc1 Be6 17. Rb1 Qc7 18. b4 b6 19. Re2 Nd7 20. Bd2 f6 21. Nh4 Nf8 22. Kh2
Ne7 23. Qf1 Bxc4 24. dxc4 d3 25. Ree1 dxc2 26. Rbc1 axb4 27. axb4 Nc6 28. Bxc6
Qxc6 29. Rxc2 Ne6 30. Qd3 Ng5 31. Qd5+ Qxd5 32. cxd5 Rbc8 33. Rec1 Rxc2 34.
Rxc2 Ne4 35. Be1 Bf8 36. Nf5 g6 37. Ne3 b5 38. Kg2 Nd6 39. Ng4 Kf7 40. Rc7+ Re7
41. Rc6 Rd7 42. Bc3 h5 43. Nxf6 Kxf6 44. f4 Kf5 45. fxe5 Ne4 46. g4+ hxg4 47.
hxg4+ Kxg4 48. d6 Kf5 49. Bd4 Ke6 50. Rc8 Rf7 51. Re8+ Kd7 52. Rb8 Bg7 53. Rxb5
Nxd6 54. Rd5 Bf8 55. exd6 Bxd6 56. Be5 Ke6 57. Rxd6+ Kxe5 58. Rxg6 Rb7 59. Rg4
Kd5 60. Kf3 Re7 61. Rf4 Re8 62. Rh4 Re7 63. Rf4 1/2-1/2

[Event "Fagernes Chess International"]
[Site "Fagernes"]
[Date "2015.03.29"]
[Round "8"]
[White "Standal, Bård"]
[Black "Bjørgvik, Jan Arne"]
[Result "1/2-1/2"]
[WhiteElo "1771"]
[BlackElo "1833"]
[PlyCount "35"]
[EventDate "2015.??.??"]

1. Nf3 d5 2. d3 Nf6 3. Nbd2 Nc6 4. e4 dxe4 5. dxe4 e5 6. c3 a6 7. g3 Bc5 8. h3
O-O 9. Qe2 h6 10. Bg2 Be6 11. O-O Qd7 12. Kh2 b5 13. b3 b4 14. Bb2 bxc3 15.
Bxc3 Bd4 16. Bxd4 Nxd4 17. Nxd4 Qxd4 18. Rfd1 
1/2-1/2

[Event "Fagernes Chess International"]
[Site "Fagernes"]
[Date "2015.03.29"]
[Round "8"]
[White "Hoem, Tor Wetle"]
[Black "Nilsen, Tobias Lang"]
[Result "1/2-1/2"]
[WhiteElo "2039"]
[BlackElo "1761"]
[PlyCount "90"]
[EventDate "2015.??.??"]

1. d4 Nf6 2. Nf3 e6 3. e3 b6 4. Bd3 Bb7 5. Nbd2 d5 6. O-O Nbd7 7. b3 Ne4 8. Bb2
f5 9. Ne5 Nxe5 10. dxe5 g6 11. Nf3 Nc5 12. Be2 Bg7 13. Nd4 Qd7 14. f4 O-O 15.
b4 Ne4 16. b5 a6 17. a4 axb5 18. axb5 Rxa1 19. Bxa1 Ra8 20. Qd3 Bf8 21. Bb2 Nc5
22. Qd1 Na4 23. Ba1 Nc5 24. Qb1 Ra3 25. c3 Ne4 26. Rc1 Nd2 27. Qc2 Nc4 28. Kf2
Qe7 29. g3 Qd7 30. g4 Qe7 31. g5 h6 32. Rg1 hxg5 33. Bxc4 dxc4 34. Bb2 Ra2 35.
Rxg5 Qh7 36. Kg3 Be7 37. Nxe6 Bxg5 38. Nxg5 Qh5 39. h3 Be4 40. Nxe4 fxe4 41.
Qxe4 Rxb2 42. Qd5+ Kh7 43. Qf7+ Kh8 44. Qf8+ Kh7 45. Qf7+ Kh8 1/2-1/2

[Event "Fagernes Chess International"]
[Site "Fagernes"]
[Date "2015.03.29"]
[Round "8"]
[White "Smits, Frans"]
[Black "Jacobsen, Caroline Beer"]
[Result "1-0"]
[WhiteElo "2064"]
[BlackElo "1668"]
[PlyCount "43"]
[EventDate "2015.??.??"]

1. d4 Nf6 2. Nf3 e6 3. Bf4 b6 4. e3 Bb7 5. Bd3 d5 6. Nbd2 Nbd7 7. c3 Be7 8. Ne5
Nxe5 9. dxe5 Nd7 10. Qg4 Bf8 11. Nf3 h6 12. Qh5 Nc5 13. Bc2 g6 14. Qh3 Bg7 15.
O-O-O g5 16. e4 gxf4 17. exd5 exd5 18. Nd4 Bxe5 19. Rhe1 f6 20. b4 Na6 21. Bg6+
Kf8 22. Ne6+ 1-0

[Event "Fagernes Chess International"]
[Site "Fagernes"]
[Date "2015.03.29"]
[Round "8"]
[White "Omtvedt, Per"]
[Black "Kløfsrud, August Kristiansen"]
[Result "1-0"]
[WhiteElo "1919"]
[BlackElo "1571"]
[PlyCount "77"]
[EventDate "2015.??.??"]

1. e4 e6 2. d4 d5 3. Nd2 Nf6 4. e5 Nfd7 5. Bd3 c5 6. c3 cxd4 7. cxd4 Nc6 8. Ne2
f6 9. exf6 Nxf6 10. Nf3 Bd6 11. Bf4 b6 12. O-O a5 13. Bb5 Qd7 14. Qa4 Bb7 15.
Bxd6 Qxd6 16. Ne5 Rc8 17. Rac1 O-O 18. Bxc6 Ba6 19. Bb5 Bb7 20. Rxc8 Rxc8 21.
Bd3 Ne4 22. Qd7 Qxd7 23. Nxd7 Nd6 24. Nxb6 Rb8 25. Nd7 Rd8 26. Nc5 Rb8 27. Nxe6
Bc6 28. b3 a4 29. Nc5 axb3 30. axb3 Nb5 31. Ra1 Rb6 32. Ra6 Rxa6 33. Nxa6 Kf7
34. Nb4 Bd7 35. Bxb5 Bxb5 36. Nc3 Bd7 37. Nbxd5 Be6 38. b4 Ke8 39. Nc7+ 
1-0

[Event "Fagernes Chess International"]
[Site "Fagernes"]
[Date "2015.03.29"]
[Round "8"]
[White "MÃ¸rkedal, Ã~yvind"]
[Black "Mansoor, Afras"]
[Result "1-0"]
[WhiteElo "1711"]
[BlackElo "1625"]
[PlyCount "75"]
[EventDate "2015.??.??"]

1. d4 Nf6 2. Bg5 Ne4 3. Bf4 d5 4. e3 Bf5 5. f3 Nf6 6. c4 e6 7. Nc3 c6 8. Qb3
Qb6 9. c5 Qxb3 10. axb3 Nbd7 11. b4 Be7 12. b5 O-O 13. bxc6 bxc6 14. g4 Bg6 15.
h4 h6 16. Ra6 Nb8 17. Ra2 Nbd7 18. b4 e5 19. dxe5 Ne8 20. Nge2 f6 21. exf6 Bxf6
22. g5 hxg5 23. hxg5 Be5 24. Bh3 Bf5 25. Bxe5 Nxe5 26. Nd4 Bxh3 27. Rxh3 Nd3+
28. Kd1 Nf2+ 29. Rxf2 a5 30. bxa5 Rxa5 31. Rfh2 Kf7 32. Rh4 Rxc5 33. Rf4+ Kg8
34. Rxf8+ Kxf8 35. Ne6+ Ke7 36. Nxc5 Nd6 37. Ke2 Nf5 38. Kf2 1-0

[Event "Fagernes Chess International"]
[Site "Fagernes"]
[Date "2015.03.29"]
[Round "8"]
[White "Brobakken, Lars Erik"]
[Black "Ali, Karim"]
[Result "1-0"]
[WhiteElo "1284"]
[BlackElo "1798"]
[PlyCount "63"]
[EventDate "2015.??.??"]

1. d4 Nf6 2. Nf3 e6 3. c4 b6 4. a3 Bb7 5. Nc3 d5 6. Bf4 Bd6 7. Bg5 O-O 8. cxd5
exd5 9. e3 c5 10. Bd3 Nbd7 11. O-O Re8 12. Bb5 a6 13. Bxd7 Qxd7 14. Bxf6 gxf6
15. Nh4 Kh8 16. Qh5 Rg8 17. Kh1 Rg5 18. Qf3 Qe6 19. g3 Rag8 20. Rad1 Bc6 21.
Ng2 R8g6 22. Nf4 Bxf4 23. exf4 Rg4 24. f5 Qc8 25. fxg6 Rxg6 26. Kg1 Qh3 27. Ne2
Rh6 28. Qg2 Qg4 29. Nf4 c4 30. Rc1 Qd7 31. Rfe1 f5 32. Re3 
1-0

[Event "Fagernes Chess International"]
[Site "Fagernes"]
[Date "2015.03.29"]
[Round "8"]
[White "Fossan, Andreas"]
[Black "Ingebretsen, Jens E"]
[Result "1-0"]
[WhiteElo "1873"]
[BlackElo "1449"]
[PlyCount "53"]
[EventDate "2015.??.??"]

1. d4 Nf6 2. c4 g6 3. f3 Bg7 4. e4 d6 5. Nc3 O-O 6. Be3 e5 7. Nge2 Nc6 8. d5
Ne7 9. g4 Bd7 10. Qd2 a5 11. Ng3 Be8 12. h4 b6 13. O-O-O Nd7 14. Bd3 Nc5 15. h5
a4 16. hxg6 Nxd3+ 17. Qxd3 fxg6 18. Bh6 Bxh6+ 19. Rxh6 Kg7 20. Rdh1 Rh8 21. Qd2
Bf7 22. g5 Bg8 23. Rf1 Qd7 24. f4 Rf8 25. f5 gxf5 26. Nh5+ Kf7 27. Rf6+ 
1-0

[Event "Fagernes Chess International"]
[Site "Fagernes"]
[Date "2015.03.29"]
[Round "8"]
[White "Dybvik, Bjørn Noralf"]
[Black "Mansoor, Safeer Uddin"]
[Result "1-0"]
[WhiteElo "1650"]
[BlackElo "1300"]
[PlyCount "55"]
[EventDate "2015.??.??"]

1. c4 c5 2. Nc3 Nc6 3. Nf3 Nf6 4. e3 d6 5. d4 cxd4 6. exd4 Bf5 7. Bd3 Bxd3 8.
Qxd3 g6 9. d5 Nb4 10. Qe2 Bg7 11. a3 Na6 12. O-O O-O 13. Bg5 Rc8 14. Rac1 Re8
15. b4 b6 16. Nb5 Qd7 17. Rfd1 Qb7 18. Nfd4 Nb8 19. Nc3 a6 20. a4 Rc7 21. b5
Nfd7 22. Nc6 Nc5 23. Ne4 Nxa4 24. Nxd6 Qa8 25. Nxe8 Nxc6 26. Nxc7 Qc8 27. dxc6
Qxc7 28. Rd7 
1-0

[Event "Fagernes Chess International"]
[Site "Fagernes"]
[Date "2015.03.29"]
[Round "8"]
[White "Shehzad, Kasher"]
[Black "Edakina, Anastasia"]
[Result "1/2-1/2"]
[WhiteElo "1589"]
[BlackElo "1760"]
[PlyCount "42"]
[EventDate "2015.??.??"]

1. d4 d5 2. c4 c6 3. Nf3 Nf6 4. e3 Bf5 5. cxd5 cxd5 6. Qb3 Qc7 7. Nc3 e6 8. Bd2
a6 9. Rc1 Nc6 10. Be2 Bd6 11. O-O O-O 12. Na4 Ne4 13. h3 Nxd2 14. Nxd2 b5 15.
Nc5 Na5 16. Qb4 Qb6 17. a4 Nc6 18. Qb3 Na5 19. Qb4 Nc6 20. Qb3 Na5 21. Qb4 Nc6
1/2-1/2

[Event "Fagernes Chess International"]
[Site "Fagernes"]
[Date "2015.03.29"]
[Round "8"]
[White "Yilmaz, Kazim"]
[Black "Skjølingstad, Sverre"]
[Result "1/2-1/2"]
[WhiteElo "1620"]
[BlackElo "1513"]
[PlyCount "51"]
[EventDate "2015.??.??"]

1. e4 c5 2. Nf3 d6 3. Bb5+ Bd7 4. Bxd7+ Nxd7 5. Nc3 Ngf6 6. O-O e6 7. d4 cxd4
8. Nxd4 Be7 9. Ndb5 Ne5 10. Bg5 O-O 11. Bxf6 gxf6 12. a4 a6 13. Nd4 Kh8 14. a5
Rg8 15. Kh1 Qf8 16. Qe2 Qh6 17. f3 Rg7 18. g4 Rag8 19. Nd1 Rg6 20. Ne3 Qf4 21.
Ng2 Qh6 22. Ne3 Qf4 23. Ng2 Qh6 24. Ne3 Qf4 25. Ng2 Qh6 26. Ne3 
1/2-1/2

[Event "Fagernes Chess International"]
[Site "Fagernes"]
[Date "2015.03.29"]
[Round "8"]
[White "WÃ¦rstad, Leif E"]
[Black "Shehzad, Shazil"]
[Result "1/2-1/2"]
[WhiteElo "1622"]
[BlackElo "1518"]
[PlyCount "46"]
[EventDate "2015.??.??"]

1. d4 Nf6 2. c4 e6 3. Nf3 Bb4+ 4. Bd2 Bxd2+ 5. Nbxd2 b6 6. e3 Bb7 7. Bd3 d5 8.
cxd5 Nxd5 9. O-O Nd7 10. a3 O-O 11. Rc1 c5 12. Nc4 Qe7 13. Re1 Rac8 14. Bb1
Rfd8 15. Qd3 Nf8 16. Qb3 Nf6 17. Nce5 Be4 18. dxc5 Bxb1 19. Rxb1 Rxc5 20. Rbc1
Rdd5 21. Rxc5 Rxc5 22. Qd1 Rd5 23. Qe2 N8d7 1/2-1/2

[Event "Fagernes Chess International"]
[Site "Fagernes"]
[Date "2015.03.29"]
[Round "8"]
[White "Galinskyi, Mykhalo"]
[Black "Thorvaldsen, Thomas"]
[Result "1-0"]
[WhiteElo "1490"]
[BlackElo "1392"]
[PlyCount "127"]
[EventDate "2015.??.??"]

1. e4 e5 2. Nf3 Nc6 3. Bc4 Nf6 4. Ng5 d5 5. exd5 Nb4 6. Bb5+ Bd7 7. Be2 Nfxd5
8. d3 Be7 9. Ne4 Nc6 10. Na3 Be6 11. Be3 Nxe3 12. fxe3 f5 13. Nf2 g6 14. e4 f4
15. Bg4 Qd7 16. Bxe6 Qxe6 17. Qg4 Qxg4 18. Nxg4 Bh4+ 19. Kd1 O-O-O 20. Nc4 Rhf8
21. Rf1 h5 22. Nf2 f3 23. g3 Bg5 24. Nh3 Bh6 25. c3 g5 26. Rf2 g4 27. Ng1 Be3
28. Nxe3 Rxd3+ 29. Kc2 Rxe3 30. Kd2 Rxe4 31. Kd3 Ra4 32. b4 Ra3 33. Kc2 Nxb4+
34. cxb4 e4 35. Kb2 e3 36. Kxa3 exf2 37. Kb2 fxg1=Q 38. Rxg1 Kd7 39. Kc3 Kc6
40. Kc4 f2 41. Rf1 b6 42. a4 a5 43. b5+ Kb7 44. Kd5 h4 45. gxh4 Rf4 46. Ke5
Rxa4 47. Rxf2 Rb4 48. Rg2 a4 49. Kd5 a3 50. Ra2 Rxb5+ 51. Ke4 Rh5 52. Kf4 Rxh4
53. Kg3 Rh5 54. Kxg4 Ra5 55. h4 b5 56. h5 b4 57. h6 Ra6 58. Kg5 b3 59. h7 Ra8
60. Rxa3 Rh8 61. Rxb3+ Kc8 62. Kg6 Rd8 63. Rf3 c5 64. Kg7 
1-0

[Event "Fagernes Chess International"]
[Site "Fagernes"]
[Date "2015.03.29"]
[Round "8"]
[White "Shehzad, Alisha"]
[Black "Tenold, Andreas"]
[Result "0-1"]
[WhiteElo "879"]
[BlackElo "1466"]
[PlyCount "148"]
[EventDate "2015.??.??"]

1. e4 c5 2. Nf3 Nc6 3. d4 cxd4 4. Nxd4 Nf6 5. Nc3 e5 6. Ndb5 d6 7. Bg5 a6 8.
Na3 Be7 9. Nab1 O-O 10. Be2 Be6 11. O-O Qc7 12. Nd2 Rad8 13. Nb3 d5 14. Bxf6
dxe4 15. Qc1 Bxf6 16. Nxe4 Qe7 17. Nxf6+ Qxf6 18. Qe3 Qg6 19. Qg3 Qxc2 20. Bf3
Qxb2 21. Bxc6 bxc6 22. Rfb1 Qc2 23. Qxe5 Bxb3 24. axb3 Rfe8 25. Qg3 Rd3 26. Qf4
Rxb3 27. Rxb3 Qxb3 28. h3 Qb5 29. Qc7 Ra8 30. Rc1 h6 31. Qxc6 Qxc6 32. Rxc6 a5
33. Rc1 a4 34. Ra1 Kf8 35. Kf1 a3 36. Ke2 a2 37. Kd2 Ke7 38. Kc2 Ke6 39. Kb2
Ke5 40. Rxa2 Rxa2+ 41. Kxa2 Ke4 42. Kb2 Kd3 43. Kc1 Ke2 44. f4 Kf2 45. g4 Kg3
46. Kd2 Kxh3 47. g5 Kg4 48. gxh6 gxh6 49. f5 h5 50. Ke2 Kg3 51. Kf1 Kg4 52. f6
Kg5 53. Kg2 Kxf6 54. Kg3 Kg5 55. Kh3 f5 56. Kg3 h4+ 57. Kh3 f4 58. Kg2 Kg4 59.
Kh2 h3 60. Kh1 f3 61. Kg1 Kg3 62. Kh1 Kf2 63. Kh2 Ke1 64. Kg1 f2+ 65. Kh2 f1=Q
66. Kg3 h2 67. Kxh2 Qf8 68. Kg3 Ke2 69. Kg4 Ke3 70. Kg5 Ke4 71. Kg6 Ke5 72. Kh5
Qg7 73. Kh4 Kf4 74. Kh3 Qg3# 0-1

[Event "Fagernes Chess International"]
[Site "Fagernes"]
[Date "2015.03.29"]
[Round "8"]
[White "Berg-Olsen, Sebastian N"]
[Black "Grindbakken, Erik"]
[Result "1/2-1/2"]
[WhiteElo "1342"]
[BlackElo "1546"]
[PlyCount "62"]
[EventDate "2015.??.??"]

1. d4 c6 2. e4 d5 3. Nc3 h6 4. h4 dxe4 5. Nxe4 Bf5 6. Ng3 Bh7 7. Nf3 e6 8. Bd3
Bxd3 9. Qxd3 Nd7 10. Bf4 Ngf6 11. Qb3 Nd5 12. Bd2 Qc7 13. c4 N5f6 14. c5 Nd5
15. O-O Be7 16. Qd3 O-O 17. b4 b5 18. a3 a6 19. Rfe1 Ra7 20. Ne5 Rfa8 21. h5
N7f6 22. Qf3 Bd8 23. Ne4 Nxe4 24. Qxe4 Rc8 25. Qg4 Nf6 26. Qf3 Qb7 27. Red1 a5
28. bxa5 Bxa5 29. Bxh6 Kh7 30. Bd2 Bxd2 31. Rxd2 Nd5 1/2-1/2

[Event "Fagernes Chess International"]
[Site "Fagernes"]
[Date "2015.03.29"]
[Round "8"]
[White "Gaure, Sigurd Lauvås"]
[Black "Merkesvik, Amalie Isabel"]
[Result "0-1"]
[WhiteElo "1370"]
[BlackElo "1462"]
[PlyCount "114"]
[EventDate "2015.??.??"]

1. e4 e5 2. Nf3 Nc6 3. Bb5 Bc5 4. O-O d6 5. c3 Bd7 6. d4 exd4 7. cxd4 Bb6 8.
Bg5 f6 9. Be3 Qe7 10. Nbd2 Nh6 11. h3 Nf7 12. Bc4 Na5 13. b3 Nxc4 14. bxc4 O-O
15. Re1 Ng5 16. Nxg5 fxg5 17. Qb3 Kh8 18. Qb4 c5 19. Qc3 Qf6 20. e5 Qe6 21. d5
Qxe5 22. Qxe5 dxe5 23. Bxg5 Rae8 24. Ne4 h6 25. Bh4 Bc7 26. Nxc5 Bc8 27. Bg3 b6
28. Nd3 e4 29. Bxc7 exd3 30. g4 d2 31. Red1 Re2 32. Bg3 Rfe8 33. Kf1 Ba6 34. f3
Bxc4 35. Kg1 Bxd5 36. Rab1 Bxf3 37. Ra1 Rg2+ 38. Kf1 Bxd1 39. Rxd1 Rxg3 40.
Rxd2 Rxh3 41. Rd7 Ra3 42. Rd5 Re4 43. g5 hxg5 44. Rd7 Rf3+ 45. Kg1 g4 46. Rd2
Rfe3 47. a4 Rxa4 48. Kf2 Rea3 49. Rd8+ Kh7 50. Kg2 Rc4 51. Rd2 Rac3 52. Rd7 a5
53. Rd5 a4 54. Rb5 Rb3 55. Rd5 Rc2+ 56. Kf1 Rb1+ 57. Rd1 Rxd1# 0-1

[Event "Fagernes Chess International"]
[Site "Fagernes"]
[Date "2015.03.29"]
[Round "9"]
[White "Kvisla, Johannes Luangtep"]
[Black "Nilsen, Martin"]
[Result "1-0"]
[WhiteElo "2174"]
[BlackElo "2025"]
[PlyCount "103"]
[EventDate "2015.??.??"]

1. d4 d5 2. c4 c6 3. Nf3 Nf6 4. Nc3 g6 5. cxd5 cxd5 6. Bf4 Nc6 7. e3 Bg4 8. Qb3
Qb6 9. Qxb6 axb6 10. Ne5 Bf5 11. Bb5 Bd7 12. Nxd7 Kxd7 13. O-O Ke6 14. Bc7 Rc8
15. Bxb6 Nd7 16. Na4 Kf6 17. Bc5 Nxc5 18. Nxc5 Rc7 19. Rac1 e6 20. a4 Bxc5 21.
Rxc5 Ke7 22. Rfc1 Kd6 23. Kf1 Rhc8 24. Ke2 g5 25. Kd2 h6 26. Bxc6 bxc6 27. R1c3
Ra8 28. a5 Rb8 29. Kc2 f6 30. Rb3 Rcb7 31. Rxb7 Rxb7 32. Kc3 e5 33. b4 exd4+
34. exd4 Re7 35. b5 cxb5 36. Rxb5 Rc7+ 37. Kb3 Ke6 38. a6 g4 39. Rb7 Rc1 40. a7
Ra1 41. Kb4 Kd6 42. Rf7 Kc6 43. Rxf6+ Kb7 44. Rxh6 Rg1 45. g3 Rg2 46. Kc5 Rxf2
47. Kxd5 Rd2 48. Ke4 Re2+ 49. Kf4 Rd2 50. Kxg4 Rxd4+ 51. Kf3 Kxa7 52. Rc6 1-0

[Event "Fagernes Chess International"]
[Site "Fagernes"]
[Date "2015.03.29"]
[Round "9"]
[White "Machlik, Monika"]
[Black "Maloberti, David"]
[Result "1-0"]
[WhiteElo "1967"]
[BlackElo "2140"]
[PlyCount "57"]
[EventDate "2015.??.??"]

1. d4 Nf6 2. c4 g6 3. Nc3 Bg7 4. e4 d6 5. f4 O-O 6. Nf3 c5 7. d5 e6 8. dxe6
Bxe6 9. Bd3 Re8 10. O-O Bg4 11. h3 Bxf3 12. Qxf3 Nc6 13. Be3 a6 14. Rae1 Rb8
15. a3 Nd4 16. Qf2 Nd7 17. Nd5 Nb6 18. f5 Nxd5 19. exd5 Qf6 20. Qg3 Nxf5 21.
Bxf5 gxf5 22. Bf4 Re5 23. Bxe5 dxe5 24. Qf2 f4 25. Qxc5 Bf8 26. Qf2 Qd6 27. Qe2
Re8 28. Rxf4 exf4 29. Qg4+ 1-0

[Event "Fagernes Chess International"]
[Site "Fagernes"]
[Date "2015.03.29"]
[Round "9"]
[White "Johnsen, Kjell Magne"]
[Black "Ranaldi, Lucas"]
[Result "0-1"]
[WhiteElo "2099"]
[BlackElo "2014"]
[PlyCount "100"]
[EventDate "2015.??.??"]

1. d4 Nf6 2. c4 e6 3. Nc3 Bb4 4. Qc2 Nc6 5. Nf3 d6 6. Bd2 O-O 7. a3 Bxc3 8.
Bxc3 Re8 9. e3 e5 10. d5 Nb8 11. Nd2 Qe7 12. e4 Nh5 13. g3 Qg5 14. Nf3 Qe7 15.
Bg2 g6 16. Nh4 Ng7 17. O-O g5 18. Nf5 Bxf5 19. exf5 Qf6 20. g4 Qd8 21. Be4 f6
22. Bd2 Nd7 23. b4 b6 24. Be3 Qe7 25. Kg2 Kf7 26. Rfc1 h5 27. f3 hxg4 28. fxg4
Rh8 29. Qd2 Rh4 30. h3 Rah8 31. Rh1 Nh5 32. Qe2 Nf4+ 33. Bxf4 exf4 34. Rae1 Ne5
35. Bf3 Ra8 36. Qe4 a5 37. b5 Re8 38. Re2 Qf8 39. Ree1 Rh8 40. Qe2 Qh6 41. Rd1
Nxg4 42. hxg4 Rxe2+ 43. Bxe2 Qf8 44. Rhe1 Rh4 45. Bf3 Qh8 46. Rh1 Kg7 47. a4
Rxh1 48. Rxh1 Qe8 49. Bd1 Qe3 50. Rh3 Qd2+ 0-1

[Event "Fagernes Chess International"]
[Site "Fagernes"]
[Date "2015.03.29"]
[Round "9"]
[White "Løbersli, Henrik Øie"]
[Black "Melkevik, Johannes"]
[Result "1/2-1/2"]
[WhiteElo "2078"]
[BlackElo "2014"]
[PlyCount "52"]
[EventDate "2015.??.??"]

1. Nf3 f5 2. d3 d6 3. e4 e5 4. Nc3 Nf6 5. Bg5 Be7 6. exf5 Bxf5 7. d4 e4 8. Nd2
O-O 9. Bc4+ Kh8 10. O-O c6 11. Bxf6 Bxf6 12. Ndxe4 Be7 13. Ng3 Bg6 14. Bd3 Bxd3
15. Qxd3 Nd7 16. Nf5 d5 17. Nxe7 Qxe7 18. Rae1 Qf7 19. Re2 Rae8 20. Rfe1 Qxf2+
21. Rxf2 Rxe1+ 22. Rf1 Rfxf1+ 23. Qxf1 Rxf1+ 24. Kxf1 Kg8 25. Ke2 Kf7 26. Kf3
Kf6 1/2-1/2

[Event "Fagernes Chess International"]
[Site "Fagernes"]
[Date "2015.03.29"]
[Round "9"]
[White "Nordquelle, Daniel"]
[Black "Smits, Frans"]
[Result "1-0"]
[WhiteElo "1874"]
[BlackElo "2064"]
[PlyCount "41"]
[EventDate "2015.??.??"]

1. e4 e6 2. d4 d5 3. Nc3 Nf6 4. Bg5 dxe4 5. Nxe4 Be7 6. Bxf6 Bxf6 7. Nf3 Nd7 8.
Qd2 O-O 9. O-O-O Be7 10. g4 c5 11. dxc5 Qc7 12. Bd3 Nxc5 13. Nxc5 Qxc5 14. h4
Rd8 15. Qf4 e5 16. Bxh7+ Kf8 17. Rxd8+ Bxd8 18. Nxe5 Bf6 19. Nd3 Qd5 20. Re1
Qxa2 21. Qd6+ 1-0

[Event "Fagernes Chess International"]
[Site "Fagernes"]
[Date "2015.03.29"]
[Round "9"]
[White "Tangelder, Yonne"]
[Black "Donchenko, Irina"]
[Result "0-1"]
[WhiteElo "1875"]
[BlackElo "2058"]
[PlyCount "56"]
[EventDate "2015.??.??"]

1. e4 c6 2. d4 d5 3. e5 Bf5 4. Be3 e6 5. Nd2 c5 6. c3 Nc6 7. Ngf3 Qb6 8. Qc1 h5
9. g3 Nh6 10. Nb3 c4 11. Bxh6 Rxh6 12. Nbd2 Be7 13. Bg2 h4 14. Ng1 Kd7 15. f3
hxg3 16. hxg3 Rxh1 17. Bxh1 Rh8 18. Bg2 Rh2 19. Bf1 Nxe5 20. f4 Nd3+ 21. Bxd3
Bxd3 22. b3 g5 23. bxc4 dxc4 24. f5 g4 25. Qd1 exf5 26. Qa4+ Qc6 27. Qxa7 Rg2
28. O-O-O Bg5 0-1

[Event "Fagernes Chess International"]
[Site "Fagernes"]
[Date "2015.03.29"]
[Round "9"]
[White "Bentsen, Håkon"]
[Black "Lund, Gunnar"]
[Result "1-0"]
[WhiteElo "2050"]
[BlackElo "1719"]
[PlyCount "43"]
[EventDate "2015.??.??"]

1. e4 c5 2. Nf3 d6 3. d4 cxd4 4. Nxd4 Nf6 5. Nc3 a6 6. Be3 e6 7. f3 Be7 8. Qd2
Nbd7 9. O-O-O Ne5 10. Kb1 Bd7 11. g4 Rc8 12. Be2 Nc4 13. Bxc4 Rxc4 14. Rhe1 O-O
15. Nde2 Qa5 16. Nd5 Qxd2 17. Nxe7+ Kh8 18. Rxd2 Re8 19. e5 dxe5 20. g5 Rxe7
21. gxf6 gxf6 22. Rg1 1-0